|
|
|
|
| LEADER |
00000nkm a2200000 a 4500 |
| 001 |
vtls001421507 |
| 003 |
SK-MaSNL |
| 005 |
20260301012844.0 |
| 007 |
kf bo |
| 008 |
231206s1950 xo 0k|slo |
| 035 |
|
|
|a SNK000376360
|
| 040 |
|
|
|a SNK
|b slo
|c SNK
|e AACR2
|
| 041 |
|
|
|a slo
|
| 043 |
|
|
|a e-xo---
|
| 044 |
|
|
|a xo
|c SK
|
| 080 |
|
|
|a 908(437.6)
|2 2011
|
| 080 |
|
|
|a (084.121)
|2 2011
|
| 245 |
0 |
0 |
|a Bytča
|h grafika
|
| 260 |
|
|
|a Bratislava
|b Tatran
|c 1950
|
| 300 |
|
|
|a 1 pohľadnica
|b čiernobiela
|c 9 x 14 cm
|
| 520 |
8 |
|
|a Zobrazenie: pohľad na Bytču z diaľky
|
| 651 |
|
7 |
|a Bytča (Slovensko)
|2 SNKPH
|9 16707
|
| 655 |
|
7 |
|a miestne pohľadnice
|2 SNKPH
|9 70510
|
| 958 |
|
|
|a GC
|
| 958 |
|
|
|a GBN
|
| 999 |
|
|
|c 554549
|d 556479
|
| 952 |
|
|
|t P60, <03>, [BOOK], {603}
|a SNK
|b SNK
|y PREZ
|7 0
|p 17A0317139
|o snkSP 10093
|0 0
|1 0
|4 0
|d 2001-09-27
|f 1
|l 0
|r 2005-01-02 00:00:00
|w 2026-02-23
|